LEADER 04158nam 2200745 a 450 001 9910962246903321 005 20251117083019.0 010 $a1-80758-883-1 010 $a1-84545-847-8 024 7 $a10.1515/9781845458478 035 $a(CKB)2550000000035164 035 $a(EBL)710964 035 $a(OCoLC)727649476 035 $a(SSID)ssj0000536986 035 $a(PQKBManifestationID)12179314 035 $a(PQKBTitleCode)TC0000536986 035 $a(PQKBWorkID)10551705 035 $a(PQKB)11000554 035 $a(MiAaPQ)EBC710964 035 $a(DE-B1597)637262 035 $a(DE-B1597)9781845458478 035 $a(Perlego)540565 035 $a(iGPub)BERGHAHNB0000895 035 $a(EXLCZ)992550000000035164 100 $a20100511d2010 uy 0 101 0 $aeng 135 $aur|n|---||||| 181 $ctxt$2rdacontent. 182 $cc$2rdamedia. 183 $ac$2rdamedia. 200 04$aThe future of memory /$fedited by Richard Crownshaw, Jane Kilby, and Antony Rowland 205 $a1st ed. 210 $aNew York $cBerghahn Books$d2010 215 $a1 online resource (xvi, 319 pages) $cillustrations 300 $aDescription based upon print version of record. 311 08$a1-78238-081-7 311 08$a1-84545-693-9 320 $aIncludes bibliographical references and index. 327 $aThe future of memory : introduction / Rick Crownshaw -- Beyond the Mnemosyne Institute : the future of memory after the age of commemoration / Dan Stone -- Rwanda's bones / Sara Guyer -- The Imperial War Museum North : a twenty-first century museum? / Gaynor Bagnall and Antony Rowland -- Memory and the monument after 9/11 / James E. Young -- The edge of memory : literary innovation and childhood trauma / Susan Rubin Suleiman -- The future of testimony : introduction / Antony Rowland -- Reading perpetrator testimony / Robert Eaglestone -- Reading beyond the false memory syndrome debates / Jane Kilby -- False testimony / Sue Vice -- Reading Holocaust poetry : genre, authority and identification / Matthew Boswell -- The future of trauma : introduction / Jane Kilby -- The trauma knot / Roger Luckhurst -- Trauma, justice, and the political unconscious : Arendt and Felman's journey to Jerusalem / Cathy Caruth -- Trauma and resistance in Art Spiegelman's 'In the shadow of no towers' / Anne Whitehead -- Facing losses/losing guarantees : a meditation on openings to traumatic ignorance as a constitutive demand / Sharon Rosenberg -- Activist memories : the politics of trauma and the pleasures of politics / Carrie Hamilton. 330 $aMemory studies has become a rapidly growing area of scholarly as well as public interest. This volume brings together world experts to explore the current critical trends in this new academic field. It embraces work on diverse but interconnected phenomena, such as twenty-first century museums, shocking memorials in present-day Rwanda and the firsthand testimony of the victims of genocidal conflicts. The collection engages with pressing 'real world' issues, such as the furor around the recent 9/11 memorial, and what we really mean when we talk about 'trauma'.--$cProvided by publisher. 606 $aCollective memory$xPolitical aspects 606 $aMemorialization$xSocial aspects 606 $aWar memorials$xSocial aspects 606 $aTerrorism$xSocial aspects 606 $aPolitical violence$xSocial aspects 606 $aGenocide$xSocial aspects 606 $aWar and society 615 0$aCollective memory$xPolitical aspects. 615 0$aMemorialization$xSocial aspects. 615 0$aWar memorials$xSocial aspects. 615 0$aTerrorism$xSocial aspects. 615 0$aPolitical violence$xSocial aspects. 615 0$aGenocide$xSocial aspects. 615 0$aWar and society. 676 $a394/.4 701 $aCrownshaw$b Richard$01894579 701 $aKilby$b Jane$g(Jane Elizabeth)$01894580 701 $aRowland$b Antony$01894581 801 0$bMiAaPQ 801 1$bMiAaPQ 801 2$bMiAaPQ 906 $aBOOK 912 $a9910962246903321 996 $aThe future of memory$94546067 997 $aUNINA